000 00515ntaaa2200205 4500
003 01
005 20251027201532.0
008 0714s1973 ag 01
040 _aAR-BaBN
_bspa
_cAR-BaBN
_eaacr
_dRIC
082 _a227.5000 N28
100 _aNee, T. S.
_914008
245 _aSentaos, andad, estad firmes
250 _a1 ed.
260 _aSan Ignacio,
_c1965
300 _a68 p.
500 _aEstuido devocional sobre Efesios
650 _aBiblia-Nuevo Testamento-Efesios
650 _aVida Cristiana
942 _cBK
999 _c9928
_d9928